000 00864cam a2200277 a 4500
001 882
005 20260317110042.0
020 _a0736802487
020 _a9780736882194
040 _aDLC
_cDLC
_dDLC
_beng
050 0 0 _aQL377.C7
_bS25 1999
082 0 0 _a593.6
_221
100 1 _aSchaefer, Lola M.,
_d1950-
245 1 0 _aSea anemones /
_cby Lola M. Schaefer ; consulting editor, Gail Saunders-Smith.
260 _aMankato, Minn :
_bPebble Books,
_c1999.
300 _a24 pages. :
_bcolors. illustrations. ;
_c19 cm.
505 _aD
520 _aIn simple text and illustrations, describes the sea anemone.
521 _a180
_bLexile
521 _aD
_bRaz-Plus
650 0 _aSea anemones
_xNon-fiction.
650 1 _aSea anemones.
700 1 _aSaunders-Smith, Gail.
906 _a7
_bcbc
_corignew
_d1
_eocip
_f19
_gy-gencatlg
942 _2ddc
_cBK
_n0
999 _c882
_d882